| 000 | 00837pam a2200265 a 4500 | ||
|---|---|---|---|
| 001 | 4033667 | ||
| 003 | OSt | ||
| 005 | 20240415121222.0 | ||
| 008 | 980423s1999 caua b 001 0 eng | ||
| 020 | _a0534358896 | ||
| 040 | _cDLC | ||
| 050 | 0 | 0 | _b. |
| 082 | 0 | 0 |
_a150 HEN 1999 _221 |
| 100 | 1 |
_aHensch, S. A. _95172 |
|
| 245 | 1 | 0 |
_aDevelopmental Psychology: _bchildhood & adolescence |
| 250 | _a5th ed. | ||
| 260 |
_aPacific Grove : _bBrooks, _cc1999. |
||
| 300 |
_aviii,347p. : _bill. ; _c29 cm. |
||
| 504 | _aIncludes bibliographical references and indexes. | ||
| 650 | 0 |
_aDevelopmental psychology _95204 |
|
| 650 | 0 |
_aAdolescent psychology _95205 |
|
| 906 |
_a7 _bcbc _corignew _d1 _eocip _f19 _gy-gencatlg |
||
| 942 |
_2z _cSLOAN |
||
| 999 |
_c1988 _d1988 |
||